Этнос и общество в контексте межнациональных отношений (Запись № 11042671)

Подробности
000 -МАРКЕР
контрольное поле 03102nam0a2200421 4500
001 - ИДЕНТИФИКАТОР ЗАПИСИ
контрольное поле RU\NLR\BIBL_A\012243226
005 - ИДЕНТИФИКАТОР ВЕРСИИ
контрольное поле 20220303144428.0
010 ## - МЕЖДУНАРОДНЫЙ СТАНДАРТНЫЙ НОМЕР КНИГИ (ISBN)
Номер (ISBN) 978-5-6041090-8-3
Тираж 500
021 ## - НОМЕР ГОСУДАРСТВЕННОЙ РЕГИСТРАЦИИ
Код страны Российская Федерация
Номер КН-П-20-004003
Номер Листа государственной регистраци КН-П-20-0299
035 ## - ДРУГИЕ СИСТЕМНЫЕ НОМЕРА
Идентификатор записи (NLR Aleph) 012243226
035 ## - ДРУГИЕ СИСТЕМНЫЕ НОМЕРА
Идентификатор записи (RuMoRGB)010238537
100 ## - ДАННЫЕ ОБЩЕЙ ОБРАБОТКИ
Данные общей обработки 20200311d2019 k y0rusy50 ca
101 0# - ЯЗЫК РЕСУРСА
Язык текста, звукозаписи и т.д. русский
Язык резюме английский
102 ## - СТРАНА ПУБЛИКАЦИИ ИЛИ ПРОИЗВОДСТВА
Страна публикации Российская Федерация
105 ## - ПОЛЕ КОДИРОВАННЫХ ДАННЫХ: ТЕКСТОВЫЕ МАТЕРИАЛЫ, МОНОГРАФИЧЕСКИЕ
Кодированные данные о монографическом текстовом документе |||z|||100zy
181 #0 - ПОЛЕ КОДИРОВАННЫХ ДАННЫХ: ВИД СОДЕРЖАНИЯ
Код вида содержания (ISBD) i
Код характеристики содержания (ISBD) axxe
182 #0 - ПОЛЕ КОДИРОВАННЫХ ДАННЫХ: ТИП СРЕДСТВА
Код типа средства (ISBD) n - непосредственное
200 1# - ЗАГЛАВИЕ И СВЕДЕНИЯ ОБ ОТВЕТСТВЕННОСТИ
Основное заглавие Этнос и общество в контексте межнациональных отношений
Сведения, относящиеся к заглавию материалы VII Всероссийской научно-практической конференции, Краснодар, 5 декабря 2019 года
-- в рамках реализации подпрограммы "Гармонизация межнациональных отношений и профилактика терроризма и экстремизма" муниципальной программы муниципального образования город Краснодар "Развитие гражданского общества"
Первые сведения об ответственности Администрация муниципального образования город Краснодар [и др.
Последующие сведения об ответственности редакционная коллегия: Т.А. Хагуров и др.]
203 ## - ВИД СОДЕРЖАНИЯ И ТИП СРЕДСТВА
Вид содержания Текст
Дополнительные сведения об издании визуальный
Тип средства непосредственный
210 ## - ПУБЛИКАЦИЯ, РАСПРОСТРАНЕНИЕ И ДР.
Место издания, распространения и т.д. Краснодар
Имя издателя, распространителя и т. д. Кубанский государственный университет
Место издания, распространения и т.д. Ставрополь
Имя издателя, распространителя и т. д. Дорофеев В.Ю.
Дата издания, распространения и т.д. 2019
215 ## - ФИЗИЧЕСКАЯ ХАРАКТЕРИСТИКА
Специфическое обозначение материала и объем 484 с.
Другие сведения о физической характеристике ил., табл.
Размеры 21
300 ## - ОБЩИЕ ПРИМЕЧАНИЯ
Текст примечания Загл. обл.: VII научно-практическая конференция "Этнос и общество в контексте межнациональных отношений": сборник материалов
300 ## - ОБЩИЕ ПРИМЕЧАНИЯ
Текст примечания Рез. англ.
320 ## - ПРИМЕЧАНИЯ О НАЛИЧИИ В ДОКУМЕНТЕ БИБЛИОГРАФИИ / УКАЗАТЕЛЯ
Текст примечания Библиогр. в конце ст.
512 1# - ЗАГЛАВИЕ ОБЛОЖКИ
Заглавие обложки VII научно-практическая конференция "Этнос и общество в контексте межнациональных отношений"
Сведения, относящиеся к заглавию сборник материалов
606 1# - НАИМЕНОВАНИЕ ТЕМЫ КАК ПРЕДМЕТ
Наименование темы Национальные отношения
Формальный подзаголовок Съезды, совещания и т.п
Системный номер авторитетной/нормативной записи 1223262
Идентификатор авторитетной/нормативной записи RU\NLR\AUTH\66498005
686 1# - ИНДЕКСЫ ДРУГИХ КЛАССИФИКАЦИЙ
Индекс С550.65я431
686 1# - ИНДЕКСЫ ДРУГИХ КЛАССИФИКАЦИЙ
Индекс Т3(2)0-56я431
702 #1 - ИМЯ ЛИЦА - ВТОРИЧНАЯ ОТВЕТСТВЕННОСТЬ
Начальный элемент ввода Хагуров
Часть имени, кроме начального элемента ввода Т. А.
Даты 1975-
Расширение инициалов личного имени Темыр Айтечевич
Код отношения Редактор
711 12 - НАИМЕНОВАНИЕ ОРГАНИЗАЦИИ - АЛЬТЕРНАТИВНАЯ ОТВЕТСТВЕННОСТЬ
Начальный элемент ввода "Этнос и общество в контексте межнациональных отношений", всероссийская научно-практическая конференция
Порядковый номер временной организации и / или порядковый номер ее части 7
Место проведения временной организации Краснодар
Дата проведения временной организации 2019
Системный номер авторитетной/нормативной записи 701689
Идентификатор авторитетной/нормативной записи RU\NLR\AUTH\880520446
712 01 - НАИМЕНОВАНИЕ ОРГАНИЗАЦИИ - ВТОРИЧНАЯ ОТВЕТСТВЕННОСТЬ
Код отношения Прочие
Начальный элемент ввода Краснодар
Структурное подразделение Администрация
Системный номер авторитетной/нормативной записи 597242
Идентификатор авторитетной/нормативной записи RU\NLR\AUTH\880467651
942 ## - ДОПОЛНИТЕЛЬНЫЕ ЭЛЕМЕНТЫ ЗАПИСИ (АБИС)
Тип экземпляра АБИС Книга
980 ## - КОЛЛЕКЦИЯ
Название коллекции НБР
980 ## - КОЛЛЕКЦИЯ
Название коллекции Национальная библиография

Нет доступных экземпляров.